000 00849nam a2200133Ia 4500
008 171212s9999 xx 000 0 und d
020 _a9780833046314
100 _aPernin, Christopher G.;Nichiporuk, Brian;Stahl, Dale;Beck, Justin;Radaelli-Sanchez, Ricky
245 _cPernin, Christopher G.;Nichiporuk, Brian;Stahl, Dale;Beck, Justin;Radaelli-Sanchez, Ricky
_aUnfolding the Future of the Long War
_bMotivations, Prospects, and Implications for the U.S. Army
260 _bRAND Corporation
_c2008
650 _aPolitical Science
650 _aUnited States -- Military policy -- Forecasting; Islamic countries -- Military relations -- United States -- Forecasting; United States -- Military relations -- Islamic countries -- Forecasting; War on Terrorism, 2001– -- Forecasting; Military planning --
856 _uwww.jstor.org/stable/10.7249/mg738a
999 _c352784
_d352784